| 000 | 00461nam a22001697a 4500 | ||
|---|---|---|---|
| 003 | NUST | ||
| 020 | _a1855673401 | ||
| 038 | _akhadija | ||
| 082 |
_a303.483 _bMAN |
||
| 100 |
_a Rip, Arie and Misa, Thomas J. _982316 |
||
| 245 | _aManaging Technology in Society The Approach of Constructive Technology Assessment / | ||
| 260 |
_aNew York : _bPinter, _c1995. |
||
| 300 |
_a361 p. ; _b23 cm. |
||
| 500 | _aPaperback. | ||
| 563 | _apaperback | ||
| 942 |
_cBK _2ddc |
||
| 999 |
_c33847 _d33847 |
||